000 01178nam a2200373 u 4500
001 000020414
003 DO-SdBNP
005 20170922102529.0
007 000020414
008 100806s2010 dr r 000 0 spa d
040 _aBPMSU
_bspa
_cBPMSU
082 4 _a344.7293092
_bR426L
110 1 _aRepública Dominicana
240 1 3 _a[Leyes etc.]
245 1 0 _aLey no. 502-08 del libro y bibliotecas.
246 3 0 _aLey del libro y bibliotecas
246 3 0 _aLey no. 502-08
260 _aSanto Domingo :
_bBiblioteca Nacional Pedro Henríquez Ureña, Ministerio de Cultura.
_c2010.
300 _a82 p. ;
_c23 cm.
650 4 _aBIBLIOTECAS
_xLEGISLACIÓN
_zREPÚBLICA DOMINICANA
650 4 _aLIBRO
_xLEGISLACIÓN
_zREPÚBLICA DOMINICANA
650 4 _aLEGISLACIÓN BIBLIOTECARIA
710 2 _aBiblioteca Nacional Pedro Henríquez Ureña
930 1 _l
_m
_8
_f
_p
_g
930 1 _l
_m
_8
_f
_p
_g
930 1 _l
_m
_8
_f
_p
_g
930 1 _l
_m
_8
_f
_p
_g
930 1 _l
_m
_8
_f
_p
_g
942 _2ddc
_cBK
945 _aInventariado / 2017 VM
956 _a
_b
_c
_l
_h
956 _a VMATEO
_b 10
_c 20160503
_l BPMSU
_h 0069
956 _a
_b
_c
_l
_h
999 _c7425
_d7425